Catálogo
 En Linea

Culto a la luz : (Registro nro. 30131)

Detalles MARC
000 -CABECERA
campo de control de longitud fija 00629nam a2200181 a 4500
001 - NÚMERO DE CONTROL
campo de control 000030639
005 - FECHA Y HORA DE LA ÚLTIMA TRANSACCIÓN
campo de control 20200930062426.0
008 - DATOS DE LONGITUD FIJA--INFORMACIÓN GENERAL
campo de control de longitud fija 110525s1997 sp 000 0 spa d
020 ## - NÚMERO INTERNACIONAL ESTÁNDAR DEL LIBRO
Número Internacional Estándar del Libro 8489133050
040 ## - FUENTE DE LA CATALOGACIÓN
Centro catalogador/agencia de origen DO-SdBNP
Lengua de catalogación spa
Centro/agencia transcriptor BNPHU
100 1# - ENTRADA PRINCIPAL--NOMBRE DE PERSONA
Nombre de persona Nykvist, Sven
9 (RLIN) 57226
240 10 - TÍTULO UNIFORME
Título uniforme Vördnad för ljuset
Lenguaje de la obra Español
245 10 - MENCIÓN DE TÍTULO
Título Culto a la luz :
Resto del título conversaciones con Bengt Forslund sobre el cine y su gente /
Mención de responsabilidad, etc. Sven Nykvist ; traducción Francisco J. Uríz.
260 ## - PUBLICACIÓN, DISTRIBUCIÓN, ETC.
Lugar de publicación, distribución, etc. Madrid :
Nombre del editor, distribuidor, etc. Del Imán ,
Fecha de publicación, distribución, etc. 1997.
300 ## - DESCRIPCIÓN FÍSICA
Extensión 259 p. :
Otras características físicas retrs. ;
Dimensiones 21 cm.
500 ## - NOTA GENERAL
Nota general Traducido del idioma sueco
700 1# - PUNTO DE ACCESO ADICIONAL--NOMBRE DE PERSONA
Nombre de persona Uríz, Francisco J.
Término indicativo de función/relación tr.
9 (RLIN) 57227
Existencias
Estado de retiro Estado de pérdida Restricciones de uso No para préstamo Código de colección Localización permanente Ubicación/localización actual Ubicación en estantería Fecha de adquisición Número de inventario Total de préstamos Signatura topográfica completa Código de barras Fecha visto por última vez Precio válido a partir de Tipo de ítem Koha Número de copia
      Excluido de préstamo Monografías: Libros y Folletos General General Depósito 25.05.2011 LF1   30639-10 25.06.2020 25.06.2020 No se presta  
  Extraviado   Excluido de préstamo Monografías: Libros y Folletos General General Extraviado 21.02.2014 LF1   30639-20 25.06.2020 25.06.2020 No se presta e. 2
  Extraviado     Monografías: Libros y Folletos General General Extraviado 21.02.2014 LF1   30639-30 25.06.2020 25.06.2020 Préstamo en sala e. 3

Con tecnología Koha